000 00573cam a22002053a 4500
001 40766
003 PGUSA
005 20140828083918.0
008 120915s2012||||xxu|||||s|||||000 | eng d
040 _aPGUSA
_beng
042 _adc
100 1 _aTagore, Rabindranath,
_d1861-1941
245 1 0 _aNationalism
_h[electronic resource] /
_cRabindranath Tagore
260 _bProject Gutenberg,
_c2012
506 _aPublic domain in the USA.
516 _aElectronic text
830 0 _aProject Gutenberg
_v40766
856 4 0 _uhttp://www.gutenberg.org/ebooks/40766
942 _cEB
999 _c270018
_d270018